| 000 | 00583nam a2200205Ia 4500 | ||
|---|---|---|---|
| 001 | 16685 | ||
| 003 | GE_BSU | ||
| 008 | 181216s||||||||xx |||||||||||||| ||und|| | ||
| 040 | _cGE_BSU | ||
| 080 | _a821.161.1 + 821.161.1-32 | ||
| 100 | _aკუპრინი, ა. (1870-1938) | ||
| 245 | _aთხზულებანი | ||
| 245 | _bმოთხრობები | ||
| 260 | _aთბილისი | ||
| 260 | _bსაბჭ. საქართველო | ||
| 260 | _c1963 | ||
| 300 | _a556 გვ.22 სმ. | ||
| 653 | _aმოთხრობები | ||
| 942 | _cBK | ||
| 999 |
_c49750 _d49750 |
||